Hệ thống các văn bản pháp quy hiện hành mới nhất về tài chính ngành giáo dục đào tạo
Spremljeno u:
| Glavni autor: | |
|---|---|
| Format: | Knjiga |
| Jezik: | Undetermined |
| Izdano: |
H.
Tài chính
2003
|
| Teme: | |
| Oznake: |
Dodaj oznaku
Bez oznaka, Budi prvi tko označuje ovaj zapis!
|
| Thư viện lưu trữ: | Trung tâm Học liệu Trường Đại học Cần Thơ |
|---|
| LEADER | 00619nam a2200193Ia 4500 | ||
|---|---|---|---|
| 001 | CTU_59882 | ||
| 008 | 210402s9999 xx 000 0 und d | ||
| 020 | |b 198000 | ||
| 082 | |a 344.59707 | ||
| 082 | |b C121 | ||
| 100 | |a Hồ Ngọc Cẩn | ||
| 245 | 0 | |a Hệ thống các văn bản pháp quy hiện hành mới nhất về tài chính ngành giáo dục đào tạo | |
| 245 | 0 | |c Hồ Ngọc Cẩn | |
| 260 | |a H. | ||
| 260 | |b Tài chính | ||
| 260 | |c 2003 | ||
| 650 | |a educational law and legislation | ||
| 904 | |i Minh | ||
| 980 | |a Trung tâm Học liệu Trường Đại học Cần Thơ | ||